MARC

LEADER 00000nam0a2200000 4500
001 45994
005 20231101211005.0
035 |a (RuTPU)RU\TPU\book\47904 
035 |a RU\TPU\book\47672 
090 |a 45994 
100 |a 20021219d1980 m y0rusy50 ca 
101 0 |a rus 
102 |a RU 
105 |a a j 001zy 
200 1 |a Теоретические основы аналитической химии  |e учебное пособие  |f Э. Ю. Янсон, Я. К. Путнинь 
210 |a Москва  |c Высшая школа  |d 1980 
215 |a 264 с.  |c граф. 
320 |a Предм. указ.: с. 255-261 
606 1 |a Аналитическая химия  |2 stltpush  |3 (RuTPU)RU\TPU\subj\67454  |9 83247 
610 1 |a теоретические основы 
610 1 |a стехиометрия 
610 1 |a растворы 
610 1 |a термодинамика 
610 1 |a комплексообразование 
610 1 |a равновесие 
610 1 |a учебные пособия 
610 1 |a окислительно-восстановительное равновесие 
610 1 |a коллоидные системы 
610 1 |a осадок 
610 1 |a погрешности 
610 1 |a гравиметрический анализ 
610 1 |a кислотно-основное титрование 
610 1 |a протолитометрия 
610 1 |a редоксиметрия 
610 1 |a комплексонометрия 
610 1 |a седиметрия 
610 1 |a библиотека А. Г. Стромберга 
675 |a 543(075.8)  |v 3 
700 1 |a Янсон  |b Э. Ю.  |g Эдгард Юльевич 
701 1 |a Путнинь  |b Я. К.  |g Ян Кришевич 
801 2 |a RU  |b 63413507  |c 20180727  |g PSBO 
942 |c BK